000 01229nam a2200373 a 4500
999 _c9928
_d9928
001 9928
003 BD - JhCC
005 20180403135149.0
008 180403m19861988ii b 000 0 eng d
020 _a8170030617 (v. 1) :
_cRs100.00
020 _a8170030684 (v. 2) :
_cRs100.00
020 _a817003096X (v.3)
035 _a(BD-JhCC)9928
040 _aDLC
_cDLC
_dBD-JhCC
041 _aeng
050 0 _aDS393.4
_b.B368 1986
082 _a954.9/2
_219
_bBAN 1986
245 0 0 _aBangladesh /
_cedited by Noazesh Ahmed and Naib Uddin Ahmed
260 _aNew Delhi :
_bSouth Asian Publishers,
_cc1986-c1988.
300 _a3 v. ;
_c23 cm
490 1 _aSouth Asia studies series ;
_v12-14
504 _aIncludes bibliographies
505 1 _av. 1. History and culture -- v. 2. Domestic politics -- v. 3. Global politics
650 0 _aLanguage and culture
_zBangladesh.
650 0 _aCongresses and conventions
_zBangladesh.
651 0 _aBangladesh
_xPolitics and government
_y1971-
_xCongresses
651 0 _aBangladesh
_xHistory
651 0 _aBangladesh
_xReligion
700 1 _aAhmed, Noazesh
700 1 _aAhmed, Naib Uddin
830 0 _aSouth Asia studies series ;
_v12-14
942 _2ddc
_cREF